|
|
|
|
| LEADER |
00000nam0a2200000 4500 |
| 001 |
260571 |
| 005 |
20231220163300.0 |
| 035 |
|
|
|a (RuTPU)RU\TPU\book\283524
|
| 035 |
|
|
|a RU\TPU\book\231208
|
| 090 |
|
|
|a 260571
|
| 100 |
|
|
|a 20140516d2014 m y0rusy50 ca
|
| 101 |
0 |
|
|a rus
|
| 102 |
|
|
|a RU
|
| 105 |
|
|
|a a j 000zy
|
| 200 |
1 |
|
|a Расчет активной части и оценка эксплуатационных свойств силового трансформатора
|e учебное пособие
|f В. М. Игнатович, Т. В. Усачева
|g Национальный исследовательский Томский политехнический университет (ТПУ)
|
| 205 |
|
|
|a 2-е изд.
|
| 210 |
|
|
|a Томск
|c Изд-во ТПУ
|d 2014
|
| 215 |
|
|
|a 86 с.
|c ил.
|
| 330 |
|
|
|a В пособии излагаются рекомендации по выполнению расчета активной части и оценке эксплуатационных свойств силового трансформатора. Тщательно проанализирован многолетний опыт курсового проектирования, в результате усилена эксплуатационная составляющая, что позволило улучшить практическую роль этого вида учебной деятельности. Предназначено для студентов, обучающихся по направлению 140400 "Электроэнергетика и электротехника".
|
| 452 |
|
1 |
|0 (RuTPU)RU\TPU\book\290715
|t Расчет активной части и оценка эксплуатационных свойств силового трансформатора
|o учебное пособие
|f В. М. Игнатович, Т. В. Усачева
|e 2-е изд.
|c Томск
|n Изд-во ТПУ
|d 2014
|a Игнатович, Виктор Михайлович
|
| 606 |
1 |
|
|a Силовые трансформаторы
|2 stltpush
|3 (RuTPU)RU\TPU\subj\54801
|9 72882
|
| 610 |
1 |
|
|a электрические величины
|
| 610 |
1 |
|
|a размеры
|
| 610 |
1 |
|
|a обмотки
|
| 610 |
1 |
|
|a расчеты
|
| 610 |
1 |
|
|a короткое замыкание
|
| 610 |
1 |
|
|a параметры
|
| 610 |
1 |
|
|a магнитные системы
|
| 610 |
1 |
|
|a эксплуатационные свойства
|
| 610 |
1 |
|
|a оценка
|
| 610 |
1 |
|
|a учебные пособия
|
| 610 |
1 |
|
|a труды учёных ТПУ
|
| 675 |
|
|
|a 621.314.222.6(075.8)
|v 3
|
| 700 |
|
1 |
|a Игнатович
|b В. М.
|c специалист в области электротехники
|c доцент Томского политехнического университета, кандидат технических наук
|f 1949-
|g Виктор Михайлович
|3 (RuTPU)RU\TPU\pers\26687
|
| 701 |
|
1 |
|a Усачева
|b Т. В.
|c специалист в области электротехники
|c доцент Томского политехнического университета, кандидат технических наук
|f 1976-
|g Татьяна Владимировна
|3 (RuTPU)RU\TPU\pers\26688
|9 12346
|
| 712 |
0 |
2 |
|a Национальный исследовательский Томский политехнический университет (ТПУ)
|c (2009- )
|3 (RuTPU)RU\TPU\col\15902
|
| 801 |
|
1 |
|a RU
|b 63413507
|c 20120316
|
| 801 |
|
2 |
|a RU
|b 63413507
|c 20140804
|g RCR
|
| 942 |
|
|
|c BK
|